China's economy in transition from external to internal rebalancing
Guardado en:
| Otros Autores: | , , |
|---|---|
| Formato: | Libro |
| Lenguaje: | inglés |
| Publicado: |
Washington, D.C.
International Monetary Fund
2013
|
| Materias: | |
| Etiquetas: |
Sin Etiquetas, Sea el primero en etiquetar este registro!
|
MARC
| LEADER | 00000nam a2200000 4500 | ||
|---|---|---|---|
| 001 | 0203749 | ||
| 005 | 20240311131228.3 | ||
| 020 | |a 978-1-48430-393-1 | ||
| 041 | 0 | |a eng | |
| 044 | |a US | ||
| 245 | 1 | 0 | |a China's economy in transition |b from external to internal rebalancing |c editors: Anoop Singh, Malhar Nabar and Papa N'Diaye |
| 264 | 1 | |a Washington, D.C. |b International Monetary Fund |c 2013 | |
| 300 | |a xi, 279 s. | ||
| 610 | 2 | 0 | |a politika hospodárska |
| 610 | 2 | 0 | |a podmienky hospodárske |
| 610 | 2 | 0 | |a vývoz |
| 610 | 2 | 0 | |a Čína |
| 610 | 2 | 0 | |a vzťahy obchodné |
| 610 | 2 | 0 | |a vzťahy medzinárodné |
| 610 | 2 | 0 | |a Ázia |
| 610 | 2 | 0 | |a Japonsko |
| 610 | 2 | 0 | |a reformy hospodárske |
| 700 | 1 | |a Singh, Anoop | |
| 700 | 1 | |a Nabar, Malhar | |
| 700 | 1 | |a N'Diaye, Papa | |